000
00322 a2200109 4500
001
ART_6785
005
20260410161719.0
008
260409a
245
1
0
_a
Teoría del costo incurrido
100
1
_a
Arreghini, Hugo Ricardo
773
0
_t
Contabilidad y auditoría
_g
- Año 1, Nº 1 (dic. 1995)
_w
REV1723
999
_c
16804
_d
16804